Metode aproximative in analiza neliniaréa.
Guardado en:
| Autor Principal: | |
|---|---|
| Formato: | Libro |
| Idioma: | Romanian |
| Publicado: |
[Bucuresti] :
Editura Academiei Republicii Socialiste Roméania,
1972.
|
| Materias: | |
| Etiquetas: |
Agregar Etiqueta
Sin Etiquetas, Sea el primero en etiquetar este registro!
|
| LEADER | 00763cam a22002291a 4500 | ||
|---|---|---|---|
| 001 | MAT.inmabb005838 | ||
| 008 | 750725s1972####rm############000#0#rum## | ||
| 005 | 20170512160912.0 | ||
| 245 | 1 | 0 | |a Metode aproximative in analiza neliniaréa. |
| 260 | |a [Bucuresti] : |b Editura Academiei Republicii Socialiste Roméania, |c 1972. | ||
| 300 | |a 280 p. : |b with figs. ; |c 21 cm. | ||
| 500 | |a Cabecera de portada: Alexandru I. Schiop. | ||
| 500 | |a Summary in English. | ||
| 504 | |a Bibliografía: p. [273]-278. | ||
| 510 | 4 | |a MR, |c 50 #1502 | |
| 100 | 1 | |a Schiop, Alexandru I. | |
| 650 | 0 | |a Approximation theory. | |
| 650 | 0 | |a Nonlinear theories. | |
| 084 | |a 65J05 (47H15 49D15) |2 MR | ||
| 010 | |a 73322743 | ||
| 040 | |a DLC |c FMU |d DLC | ||
| 859 | |h 65 |i Sc336 |p A-4396 |b BIB. MATEMATICA | ||
